[Event "Selfoss Milk Masters 1st"]
[Site "Selfoss"]
[Date "2002.10.11"]
[Round "4"]
[White "Tregubov, Pavel V"]
[Black "Oral, Tomas"]
[Result "1-0"]
[WhiteElo "2594"]
[BlackElo "2546"]
[Annotator "Krasenkow,M"]
[PlyCount "83"]
[EventDate "2002.10.08"]
[EventType "tourn"]
[EventRounds "9"]
[EventCountry "ISL"]
[EventCategory "12"]
[SourceTitle "CBM 092"]
[Source "ChessBase"]
[SourceDate "2003.02.06"]
[SourceVersion "1"]
[SourceVersionDate "2003.02.06"]
[SourceQuality "1"]

1. d4 Nf6 2. c4 g6 3. Nc3 d5 4. Bf4 Bg7 5. e3 c5 6. dxc5 Qa5 7. Rc1 dxc4 8.
Bxc4 O-O 9. Nge2 Qxc5 10. Qb3 Nc6 11. Nb5 Qh5 12. Ng3 Qh4 13. Nc7 g5 14. Bxg5
Qxg5 15. Nxa8 Bd7 16. Qxb7 Rb8 17. Qc7 Rxa8 18. Ba6 Qg4 {'!' Cifuentes,R. An
attempt to repair the line.} (18... Ne8 {-see Dreev-Svidler in this issue.} 19.
Qxd7 Qa5+ 20. b4 Nxb4 21. O-O Qxa6 22. Nf5 Nxa2 23. Rc6 Qa5 24. Nxe7+ Kf8 25.
Nc8 Qb4 26. Rc4) 19. O-O $6 {Not a good reaction. White should have boldly
played} (19. Rxc6 {, in all variations keeping his extra pawn, with no
sufficient compensation for Black:} Nd5 (19... Bxc6 20. Qxc6 Qb4+ 21. Qc3) (
19... Ne8 {'!' Cifuentes,R.} 20. Qb7 Bxc6 21. Qxc6 Qb4+ 22. Ke2 Qxb2+ 23. Kf3
$14 Rd8 24. Nf5 Qe5 (24... Bf6 $2 25. Rd1 $1) (24... Bf8 25. a4 e6 26. Nd4 Bg7
27. Rd1 $1) 25. g4 Nf6 $13 {Cifuentes,R} (25... e6 26. Rd1 Rxd1 27. Qxe8+ Bf8
28. Nh6+ Kg7 29. Qxf7+ Kxh6 30. Qxf8+ Qg7 31. Qf4+ Qg5 32. Bc4 $16)) (19...
Qb4+ 20. Rc3 Nd5 21. Qxd7 Nxc3 22. O-O $1) 20. Qb7 Bxc6 21. Qxc6 Qb4+ 22. Ke2
Qxb2+ 23. Kf3 Rd8 24. Rd1 $14) 19... Nd5 20. Qb7 (20. Be2 $2 Qe6 $1 21. Qb7 Rb8
22. Qa6 Bxb2 $17) 20... Rb8 21. h3 Rxb7 22. hxg4 Rxb2 $15 {Now it is White who
has no sufficient compensation for his material deficit.} 23. Rfd1 e6 (23...
Ncb4 $1 24. Bb7 (24. a3 Bxg4 25. f3 Bh6 26. axb4 Bxe3+ 27. Kh1 Bxc1 28. Rxc1
Be6 $17) 24... Nxa2 25. Bxd5 Nxc1 26. Bf3 Be6 27. Rxc1 a5 28. Nf5 a4 29. Ra1
Ra2 $1) 24. e4 Nb6 (24... Ncb4 $5 25. exd5 Nxa6) 25. Nh5 (25. Rxd7 Nxd7 26.
Rxc6 Rxa2 $15 {[%csl Ga7]}) 25... h6 $6 (25... Ne5 $1 {was correct although
fighting for the advantage requires a lot of tactical skill from Black:} 26. a4
Nxg4 $1 (26... Ra2 27. Bb5 Bxb5 28. Rd8+ Bf8 29. axb5 Nxg4 30. f3 Ne5 31. Rc3
$1 $132 {[%cal Rf3f4]}) 27. a5 (27. Nxg7 Bxa4 $1 28. Nh5 Bxd1 29. Rxd1 Kf8)
27... Nxf2 $1 28. axb6 (28. Nxg7 Nxd1 29. Rxd1 Kxg7 30. axb6 Rxb6 $19) (28. Rf1
Bd4 29. axb6 Nxe4+ 30. Kh2 axb6 $19) 28... Nxd1 29. bxa7 (29. b7 $2 Bd4+) (29.
Rxd1 Rxb6 30. Rxd7 Rxa6 31. Rd8+ Bf8 32. Nf6+ (32. e5 f5 33. Rd7 Bc5+ 34. Kh2
Kf8 35. Nf6 Be7 $17) 32... Kg7 33. Nh5+ (33. e5 Be7 34. Rg8+ Kh6 35. Ng4+ (35.
g4 Bxf6 36. exf6 Ra2 $17) 35... Kh5 36. Rg7 Ra4 37. Nf6+ Bxf6 38. exf6 h6 $17)
33... Kh6 34. Rxf8 Kxh5 35. Rxf7 Kg6 $17) 29... Bd4+ 30. Kh2 Bxa7 31. Rxd1 Be8
32. Nf6+ Kf8 $15 33. Rd8 $140 Ke7) (25... Rxa2 26. Rxd7 Nxd7 27. Rxc6 Bd4 28.
Kh2 Rxf2 $15) 26. Nxg7 (26. a4 $5) 26... Kxg7 27. a4 Na5 28. Rc7 Bxa4 29. Rd6
Bb5 $2 {Giving up a pawn for nothing.} (29... Kg6 30. f4 Bb5 $15) 30. Bxb5 Rxb5
31. Rxe6 Nac4 32. Ree7 Ne5 33. f4 Ned7 $2 {After this move Black is in serious
trouble.} ({There was nothing wrong with} 33... Nxg4 34. Rxf7+ Kg6 35. g3 (35.
Kf1 Nc4 $5) 35... a5 $132 36. Rb7 Kh5 37. Rf5+ Rxf5 38. exf5 Nc4 39. Kg2 Nd6)
34. e5 (34. Rcxd7 {led to a drawish endgame as White could not save his e4
pawn after} Nxd7 35. Rxd7 Rb4 36. Re7 Kf8 37. Re5 f6 38. Re6 Kf7 $11 {and} 39.
f5 $2 {is impossible in view of} Rb6) 34... a5 $2 {The rook endgame a pawn
down is lost for Black.} (34... Rd5 {was a must but after} 35. e6 Kf6 36. Rxf7+
$1 (36. Rexd7 $2 Nxd7 37. exd7 a5 $11) 36... Kxe6 37. Rh7 Rd1+ 38. Kf2 {
White has good winning chances.}) 35. Rexd7 Nxd7 36. Rxd7 Rb4 37. g3 Kf8 38.
Ra7 Ra4 39. Kg2 Ra3 40. Ra8+ Ke7 (40... Kg7 41. f5 Ra2+ 42. Kh3 a4 43. f6+ Kg6
(43... Kh7 44. e6 $18) 44. Rg8+ Kh7 45. Rg7+ $18) 41. Ra6 Ra1 42. Kf3 {Black
resigns as White's king marches to f5 securing an easy win.} 1-0

[Event "Bundesliga 0203"]
[Site "Germany"]
[Date "2003.01.11"]
[Round "8.8"]
[White "Agdestein, Simen"]
[Black "Thiel, Thomas"]
[Result "1-0"]
[WhiteElo "2578"]
[BlackElo "2309"]
[Annotator "Krasenkow,M"]
[PlyCount "80"]
[EventDate "2002.10.19"]
[EventType "team-tourn"]
[EventRounds "15"]
[EventCountry "GER"]
[SourceTitle "CBM 093"]
[Source "ChessBase"]
[SourceDate "2003.04.01"]
[SourceVersion "1"]
[SourceVersionDate "2003.04.01"]
[SourceQuality "1"]
[WhiteTeam "Luebeck"]
[BlackTeam "Wattenscheid"]
[WhiteTeamCountry "GER"]
[BlackTeamCountry "GER"]

1. d4 Nf6 2. c4 g6 3. Nc3 d5 4. Bf4 Bg7 5. e3 c5 6. dxc5 Qa5 7. Rc1 Ne4 8. cxd5
Nxc3 9. Qd2 Qxa2 10. bxc3 Qa5 {This old line became popular after the famous
game Petrosian-Fischer (candidates match, Buenos Aires 1971). However, its
popularity didn't stay long as it turned out that White maintained a small but
steady edge.} 11. Bc4 Nd7 12. Ne2 (12. Nf3 {is more popular, with idea} Nxc5
13. Be5 {. The text move is considered less promising.}) 12... Nxc5 (12... Ne5
13. Ba2 Qxc5 (13... Bf5 14. Bxe5 Bxe5 15. Nd4 Qxc5 16. Nxf5 gxf5 17. O-O Qa5
18. Qc2 f4 19. c4 $1 fxe3 20. c5 Qd2 21. Qa4+ Kf8 22. Rcd1 Qe2 23. d6 $1 {
1-0 Petrosian,T-Fischer,R/Buenos Aires (m/2) 1971 (32)}) 14. O-O (14. c4 Bf5
15. Bxe5 Bxe5 16. O-O O-O {1/2-1/2 Perun,S-Gerasimchuk,O/Kiev 1998/EXT 2000 
(16)}) 14... O-O 15. c4 a5 16. e4 Qb4 17. Qc2 Qa3 18. Nc3 Bd7 $13 {0-1 Farago,
I-Filipovic,B/Banjaluka 1981/Inf 31 (39)}) 13. f3 (13. O-O {was seen in
practice, too:} O-O (13... b5 $6 14. Ra1 Qb6 15. Rfb1 Bd7 16. Nd4 Ne4 17. Qd3
Nxf2 18. Kxf2 bxc4 19. Qxc4 Qf6 20. Ra6 $16 {1/2-1/2 Dorfman,J-Gulko,B/Lvov
1978/MCL (34)}) (13... Ne4 14. Qc2 Nd6 15. Bxd6 exd6 16. Qe4+ Kf8 17. Nd4 Bd7
18. Rb1 Qc7 19. Bb5 Re8 (19... Bf6 20. c4 Kg7 $13 {Veingold,A-Malaniuk,V/USSR
1982/Inf 35 (24)}) 20. Qd3 Bf6 21. Bxd7 Qxd7 22. Rb3 Kg7 23. Rfb1 Re7 $11 {
0-1 Farago,I-Tseshkovsky,V/Banja Luka 1981/MCL (31)}) (13... e5 14. dxe6 Bxe6
15. Ra1 Qd8 16. Qxd8+ Rxd8 17. Bb5+ Bd7 18. Bxd7+ Rxd7 19. Rxa7 O-O 20. f3 Rd2
21. Nd4 Rc8 $44 {1/2-1/2 Gulko,B-Piesina,G/Barnaul 1984/MCD (27)}) (13... Qa4
14. Ba2 e5 15. Bg3 O-O 16. f3 Bd7 17. Rb1 b5 18. e4 Rfc8 19. d6 Qa5 20. Bd5 $36
{1-0 Agzamov,G-Sideif Sade,F/Tashkent 1980/MCL (45)}) 14. f3 (14. Nd4 $142 {
-see 13.Nd4}) 14... e5 $1 (14... Bd7 15. Ra1 Na4 16. Rfc1 Qc5 17. Bb3 Nb6 18.
Kh1 e5 $11 {1/2-1/2 Szymczak,Z-Zakic,S/Trnava 1989/EXT 97 (30)}) 15. Bg3 b5 16.
Ba2 Qb6 17. Kh1 a5 18. e4 Ba6 $15 {1/2-1/2 Rashkovsky,N-Mikhalchishin,A/URS
1984/EXT 2000 (24)}) (13. Nd4 O-O 14. O-O Bd7 (14... e5 15. dxe6 Nxe6 16. Nxe6
Bxe6 17. Bxe6 fxe6 18. Qd7 Qd5 19. Qa4 b5 20. Qa6 Qc4 21. Rb1 Rf5 22. Qb7 Rd8
23. Qxa7 Bxc3 24. Qb6 Re8 25. Bd6 b4 26. Bxb4 Rb5 27. Qxb5 Qxb5 28. Bxc3 Qd3
29. Be5 Qe4 {1/2-1/2 Abarca Aguirre,M-Milos,G/Corrientes 1985/EXT 2001 (29)})
15. Ra1 (15. Rfd1 Rfc8 16. Ra1 Qd8 17. Qa2 Ne4 $36 18. Ne6 $2 Nxc3 19. Qb3 Qb6
20. Nxg7 Qxb3 21. Bxb3 Nxd1 22. Ne6 fxe6 23. dxe6 Bb5 {0-1 Horvath,T-Berebora,
F/Szekszard 1993/EXT 98 (23)}) 15... Ne4 16. Qc2 Qxc3 17. Qxe4 Qxc4 18. Rac1
Qb4 19. Rb1 Bf5 20. Qxf5 Qxd4 21. Qd7 Qf6 22. Rxb7 Rfd8 $6 (22... a5 $142 $132)
23. Rxa7 $1 e6 24. Rxa8 Rxa8 25. Qb7 Rd8 26. dxe6 Qxe6 27. h3 $14 {1/2-1/2
Malisauskas,V-Peelen,P/Groningen 1990/CBM 22 (52)}) 13... b5 14. Ba2 O-O 15. e4
{This is more consistent than} (15. O-O e5 16. Bg5 f6 17. Bh4 Bd7 18. e4 Rac8
19. Bf2 Rfd8 20. Be3 Bf8 21. Ra1 Bd6 22. h4 Qc7 $15 {Van Scheltinga,
T-Mikhalchishin,A/tm/1978}) 15... Bd7 (15... e5 {should be considered, too.})
16. O-O Rfc8 17. Rc2 Na4 18. Rfc1 Nb6 19. d6 exd6 20. Qxd6 Bf8 21. Qf6 Nc4 22.
Bxc4 Rxc4 23. Ra2 $6 {Grandmaster tries to complicate the position.} (23. Be5
Qb6+ {led to equality.}) 23... Bc5+ 24. Kh1 Qb6 25. Qg5 Qe6 26. Rca1 f6 27. Qg3
Ra4 28. Rxa4 bxa4 {[%csl Ga4]} 29. Bc1 Qb3 30. Qe1 Rc8 31. Nd4 Bxd4 $6 {
It was not wise to strengthen White's centre.} (31... Qc4 {lead to an
excellent position for Black.}) 32. cxd4 Rc2 (32... Qc3 $5) 33. Qa5 $6 (33. d5
$142) 33... Qb5 $4 {A blunder after which White starts a decisive attack (in
time-trouble?).} (33... Qb6 $1 {gave Black the upper hand. White had to
exchange queens or play back} 34. Qe1) 34. Qd8+ Be8 35. Bh6 {[%cal Rd8e7,Rd8f6]
} Kf7 36. Qd6 a3 37. d5 g5 38. Qf8+ Kg6 39. Qg7+ Kh5 40. g4+ Kh4 (40... Kh4 41.
Bxg5+ fxg5 42. Qxh7+ Bh5 43. Qxh5#) 1-0

[Event "Bundesliga 0203"]
[Site "Germany"]
[Date "2003.01.11"]
[Round "8.6"]
[White "Hertneck, Gerald"]
[Black "Joachim, Sven"]
[Result "1-0"]
[WhiteElo "2502"]
[BlackElo "2471"]
[Annotator "Krasenkow,M"]
[PlyCount "80"]
[EventDate "2002.10.19"]
[EventType "team-tourn"]
[EventRounds "15"]
[EventCountry "GER"]
[SourceTitle "CBM 093"]
[Source "ChessBase"]
[SourceDate "2003.04.01"]
[SourceVersion "1"]
[SourceVersionDate "2003.04.01"]
[SourceQuality "1"]
[WhiteTeam "Tegernsee"]
[BlackTeam "Werder Bremen"]
[WhiteTeamCountry "GER"]
[BlackTeamCountry "GER"]

1. d4 Nf6 2. c4 g6 3. Nc3 d5 4. Bf4 Bg7 5. e3 c5 6. dxc5 Qa5 7. Qa4+ Qxa4 8.
Nxa4 Bd7 9. Nc3 Ne4 {For this line, introduced by GM P.Svidler, -see opening
survey by Ftacnik in CBM61. Black sacs a pawn but obtains a development
advantage and an active position. His other options are:} (9... Na6) (9... dxc4
) 10. Nxd5 (10. Rc1 $6 {was also seen in practice:} Nxc3 ({or} 10... Bxc3+ 11.
bxc3 dxc4 12. Bxc4 Nc6 13. Nf3 Nxc5 14. Ne5 Nxe5 15. Bxe5 f6 16. Bg3 e5 17. O-O
Ke7 $15 {0-1 Sinkovics,P-Borisek,J/Budapest 2001/CBM 83 ext (29)}) 11. bxc3
dxc4 12. Bxc4 Bc6 13. Nf3 Nd7 14. O-O e5 15. Bg3 f6 16. Nd2 Nxc5 $15 {0-1
Ballon,G-Mikhalevski,V/Vienna 1998/EXT 2000 (31)}) (10. Nge2 Nxc5 {is
considered good for Black. Nobody has yet tried to test it.}) 10... Na6 11. f3
Nexc5 12. O-O-O {Castling "into attack".} (12. Rb1 $5 {is more common now,
with the following options seen in practice:} e6 (12... Rc8 13. Bg5 f6 14. Bh4
Kf7 15. Nc3 f5 16. Nge2 Nd3+ 17. Kd2 Rxc4 (17... Ne5 18. b3) 18. Nd4 $1 Bxd4
19. Kxd3 Bxc3 20. Kxc4 Rc8+ 21. Kd3 $2 (21. Kb3 $1 Be6+ 22. Ka3 Bb4+ 23. Ka4
Bd2 $44) 21... Bb5+ 22. Kc2 Bf6+ 23. Kd2 Rd8+ 24. Kc1 Rc8+ 25. Kd2 Rd8+ 26. Kc1
Bxf1 27. Bxf6 Bxg2 28. Rg1 Bxf3 29. Bc3 Be4 30. Ra1 Nc5 $19 {1/2-1/2 Novikov,
I-Shahade,G/New York 2002/EXT 2003 (35)}) 13. Nc7+ Nxc7 14. Bxc7 Na4 $1 (14...
O-O $6 15. Bd6 Rfc8 16. b3 $1 b5 $1 17. cxb5 a6 18. b6 Rc6 19. Bc7 Bc3+ 20. Kf2
Ba5 21. Bc4 Bxb6 22. Bxb6 Rxb6 23. Ne2 $16 {1/2-1/2 Summerscale,A-Rowson,J/
Edinburgh 1999/CBM 71 ext/[Rowson] (75)}) 15. Bd6 Nxb2 (15... a6 16. b3 Nc3 17.
Rc1 a5 18. a4 Ra6 19. Bc5 Na2 20. Rc2 Rc6 21. Bd4 e5 22. Ba1 Nb4 23. Rd2 Na6
24. Be2 Nc5 25. Bd1 $14 {1-0 Novikov,I-Kudrin,S/Toronto 1998/CBM 65 ext (47)})
16. Ba3 Na4 17. Rxb7 Bf8 $1 18. Bxf8 Rxf8 19. Ne2 Ke7 20. Nd4 Nc5 (20... Rfb8
$2 21. Nc6+) 21. Rb4 (21. Rb1 Rab8 22. Nb3 a5 23. Kd1 Ba4 $15 {0-1 Rat,
D-Okhotnik,V/Zalakaros 2000/EXT 2002 (38)}) 21... Rfb8 22. a3 a5 (22... Na6 $5
23. Rxb8 Rxb8 24. Nb5 Rb7 $5 $44 {Rowson}) 23. Rxb8 Rxb8 24. Nb5 Na4 25. Kd2
Bxb5 26. cxb5 Rd8+ 27. Kc2 Rc8+ 28. Kb3 Nc5+ {1/2-1/2 Novikov,I-Sutovsky,E/
Koszalin 1998/CBM 65 ext (28)}) ({Other options, not yet seen in practice:} 12.
Bg5 Bxb2 13. Rb1 f6 $11 {Svidler}) (12. Nc3 Nb4 13. O-O-O Rd8 14. Nd5 Nxa2+ 15.
Kb1 Nb4 $1 16. Nc7+ Kf8 17. e4 $11 {Ftacnik}) 12... e6 13. Nc3 (13. Nc7+ {
is harmless:} Nxc7 14. Bxc7 Rc8 15. Bd6 b5 16. b3 bxc4 (16... Nb7 $5 17. Kb1
Nxd6 18. Rxd6 Ke7 19. Rd2 Bh6 20. f4 e5 $1 $36 {0-1 Kiss,P-Rowson,J/Reykjavik
2002/CBM 87 ext (47)}) 17. Bxc4 Na4 18. Rd2 Bb5 19. Rc2 Bxc4 20. bxc4 Kd7 21.
c5 Rc6 22. Ne2 {1/2-1/2 Van Wely,L-Svidler,P/Tilburg 1997/CBM 61/[Svidler] (22)
} Nxc5 $1 23. Rd1 $1 Rhc8 24. Rxc5 Rxc5+ 25. Bxc5+ Ke8 26. Kd2 Rxc5 27. Rb1 Ra5
28. Rb8+ Ke7 29. Rb7+ Ke8 30. Rb8+ Ke7 31. Rb7+ {1/2-1/2 Novikov,I-Yermolinsky,
A/New York 1998/CBM 64/[Ftacnik] (31)}) 13... Bxc3 14. bxc3 f6 {According to
Peter Svidler, Black has a good compensation for the pawn as after ...e6-e5 he
blocks White's bishops. Gerald Hertneck finds a dubious way to open up the
position.} 15. g4 $6 (15. e4 $142) 15... h5 $1 {Black makes use of his
development advantage.} 16. g5 $6 {After this Black recaptures his pawn with
an excellent position.} (16. gxh5 e5 17. Bg3 Rxh5 $44) 16... e5 17. Bg3 h4 18.
Bf2 fxg5 19. Rd5 $5 {A creative approach!} e4 20. Rxg5 Bf5 {The rook is
trapped but ready to sac itself!} 21. Kc2 $5 O-O-O (21... exf3+ 22. Rxf5 gxf5
23. Nxf3 $44) (21... Ne6 22. Rxf5 gxf5 23. Bh3 $44 {With a bishop pair White
has a good compensation for the exchange. The text is even stronger.}) 22. Bh3
{There is no other useful move but now Black gets a strong passed pawn.} Bxh3
23. Nxh3 exf3 {[%cal Rc5e4]} 24. Rg4 Nd3 25. Bxh4 Ne5 26. Re4 Rde8 27. Bg3 Rxh3
28. Rxe5 Rxe5 29. Bxe5 Nc5 30. Rg1 {After forced play the endgame is
favourable for Black.} Rh5 (30... b6 $5 {as White can't take on g6:} 31. Rxg6
f2 32. Rg8+ Kd7 33. Rf8 Rxe3 $19) (30... g5 $5 {was very strong, too, as} 31.
Rxg5 $2 {didn't work:} f2 32. Rf5 Rxe3 33. Bd4 Re2+ 34. Kd1 Re1+ 35. Kc2 f1=Q
36. Rxf1 Rxf1 37. Bxc5 a6 {and Black should win.}) 31. Bg3 Ne4 $2 {Don't move
a well-placed piece!} (31... g5 32. Rd1 Rh7 33. Rd5 Ne4 $17) 32. Kd3 Nxg3 $2 {
[%mdl 16384] Another positional error, after which White is just a pawn up,
playing for a win in a rook ending.} (32... Nc5+ {was good enough to save the
game:} 33. Kd4 Ne6+ 34. Ke4 Rf5 35. h4 Nc5+ 36. Kd4 Ne6+ 37. Ke4 Nc5+ $11) 33.
hxg3 Rg5 34. g4 Kc7 35. e4 f2 36. Rf1 Rxg4 37. Rxf2 Rg1 38. Kd4 Rd1+ $2 (38...
Kd6 {was a must.}) 39. Ke5 Rd3 40. Kf6 Rxc3 $138 {Black lost on time but his
position was hopeless anyway:} (40... Rxc3 41. e5 g5 (41... Rxc4 42. e6 Re4 43.
Kf7 Kd8 44. Rd2+ Kc7 45. e7 Rf4+ 46. Kxg6 Re4 47. Kf6 Rf4+ 48. Ke5 Rf1 49. Rd8
$18) 42. e6 g4 43. e7 Re3 44. Rf5 g3 45. Rc5+ Kd7 (45... Kb6 46. Rb5+ Kc7 47.
Rb3) 46. Rd5+ Kc7 47. Rd3 $1 Re1 48. Rxg3 Rf1+ 49. Ke6 Re1+ 50. Kf7 Rf1+ 51.
Ke8 Rf4 52. Rg8 $18 {[%cal Yg8f8]}) 1-0

[Event "EU-Cup 21st"]
[Site "Saint Vincent"]
[Date "2005.09.23"]
[Round "6.1"]
[White "Khenkin, Igor"]
[Black "Yandemirov, Valeri"]
[Result "1-0"]
[WhiteElo "2610"]
[BlackElo "2515"]
[Annotator "Krasenkow,M"]
[PlyCount "89"]
[EventDate "2005.09.18"]
[EventType "team-swiss"]
[EventRounds "7"]
[EventCountry "ITA"]
[SourceTitle "CBM 110"]
[Source "ChessBase"]
[SourceDate "2006.01.31"]
[SourceVersion "1"]
[SourceVersionDate "2006.01.31"]
[SourceQuality "1"]
[WhiteTeam "Tegernsee"]
[BlackTeam "Kazan Ladya"]
[WhiteTeamCountry "GER"]
[BlackTeamCountry "RUS"]

1. d4 Nf6 2. c4 g6 3. Nc3 d5 4. Bf4 Bg7 5. e3 c5 6. dxc5 Qa5 7. Rc1 dxc4 8.
Bxc4 O-O 9. Nge2 Nbd7 10. a3 $1 $146 {[%mdl 8] An improvement of
Pelletier-McShane (see CBM 99), in which White played} (10. O-O) 10... Qxc5 11.
Nb5 Qh5 12. Nc7 e5 (12... Rb8 13. Ne6 $1 fxe6 14. Bxe6+ Kh8 15. Bxb8 $18) (
12... b5 $5 13. Bxb5 (13. Nxa8 bxc4 $44) 13... Rb8 {is the only chance to
obtain counterplay.}) 13. Bxf7+ $1 Kh8 (13... Rxf7 14. Nxa8 Rf8 15. Bg3) 14.
Nxa8 exf4 15. Nxf4 Qxd1+ 16. Kxd1 Ne5 17. Be6 Bxe6 18. Nxe6 Rxa8 19. Rc7 Ne8
20. Rxb7 {After all complications White has obtained a material advantage,
quite sufficient to win.} Bf6 21. f4 (21. Ke2 {was probably simpler.}) 21...
Nc4 22. Rf7 h6 (22... Ned6 23. Rxf6 Ne4 24. Rf7 Nf2+ 25. Ke2 Nxh1 26. Ng5 $18 {
[%csl Rh1]}) 23. Ke2 Ncd6 24. Rd7 $6 (24. Nc7 $1 Nxc7 (24... Nxf7 25. Nxa8 Bxb2
$140 26. Rb1 $18) 25. Rxf6 Nf5 26. Rxg6 Re8 27. Kf2 $18) 24... Bxb2 25. Kf3 $6
({Why not} 25. Nf8 {?}) (25. a4 $5 {was also good, keeping the a-pawn.}) 25...
Bxa3 26. Ra1 Nb5 $1 {It is now clear that White has made his task considerably
more difficult.} 27. e4 a5 (27... Rc8 $5 28. Rad1 $1 (28. e5 Rc6 29. Nd8 Rc3+
$13) 28... Rc3+ $140 29. R1d3) 28. e5 ({The rook endgame after} 28. Rd5 $5 Nec7
29. Nxc7 Nxc7 30. Rxa3 Nxd5 31. exd5 {gives White good winning chances, e.g.}
a4 (31... Kg7 32. Ke4 Kf6 33. Ra4 h5 34. g3 Ke7 35. Ke5 Ra6 36. h3 Kd7 37. g4
hxg4 38. hxg4 Ke7 39. f5 gxf5 40. gxf5 $18) 32. Ke4 Kg7 33. Ke5 (33. d6 Kf7)
33... Kf7 34. Kd6 $16) {However, GM Igor Khenkin goes for another position,
correctly evaluating it in his favour.} 28... Bb4 (28... Ra6 29. Rb7 $1 Rxe6
30. Rxb5 Bb4 {-game}) (28... Rc8 29. Rb7 $1 Rc3+ 30. Ke2 Nec7 (30... Rb3 31.
Rxb5 Rxb5 32. Rxa3) 31. Nxc7 Nxc7 32. Rxc7 Rxc7 33. Rxa3 $18) 29. Rb7 Ra6 30.
Rxb5 Rxe6 31. g4 $16 {Materially Black is OK but White's strong pawns decide
the game.} Kg8 32. Rc1 Re7 33. Rc6 Kf7 34. f5 gxf5 35. gxf5 Nc7 36. Rb7 Nd5 37.
Rxh6 Rxb7 38. Rh7+ Ke8 39. Rxb7 Ne7 40. Ke4 Bc3 41. f6 Ng6 42. e6 Bxf6 43. Kf5
Be5 44. Kxg6 Bxh2 45. Kf6 1-0

[Event "Bundesliga 0304"]
[Site "Germany"]
[Date "2004.02.15"]
[Round "8.2"]
[White "Lazarev, Vladimir"]
[Black "Van Wely, Loek"]
[Result "0-1"]
[WhiteElo "2526"]
[BlackElo "2654"]
[Annotator "Krasenkow,M"]
[PlyCount "92"]
[EventDate "2003.11.01"]
[EventType "team-tourn"]
[EventRounds "15"]
[EventCountry "GER"]
[SourceTitle "CBM 100"]
[Source "ChessBase"]
[SourceDate "2004.06.01"]
[SourceVersion "1"]
[SourceVersionDate "2004.06.01"]
[SourceQuality "1"]
[WhiteTeam "St Ingbert"]
[BlackTeam "Porz"]
[WhiteTeamCountry "GER"]
[BlackTeamCountry "GER"]

1. d4 Nf6 2. c4 g6 3. Nc3 d5 4. Bf4 Bg7 5. e3 c5 6. dxc5 Qa5 7. Rc1 dxc4 8.
Bxc4 O-O 9. Nge2 Qxc5 10. Qb3 Nc6 11. Nb5 Qh5 12. Ng3 Qh4 13. Nc7 e5 {About
this line - see excellent annotations by GM E.Sutovsky to his game against A.
Dreev in CBM 98.} 14. Bxe5 Nxe5 15. Nxa8 Bd7 16. Nc7 Bc6 17. Nd5 Kh8 18. Nf4 g5
19. Nd3 Nxd3+ 20. Qxd3 (20. Bxd3 Bxg2 21. Qc4 Ng4 22. Bf5 Ne5 23. Qxh4 gxh4 {
1/2-1/2 Dreev,A-Sutovsky,E/Rethymnon GRE 2003/CBM 98 (51) led to an excellent
position for Black}) 20... Bxg2 21. Nf5 Qh3 22. Nxg7 Kxg7 $1 $146 (22... Bxh1
$2 23. Nf5 Bc6 24. Qd6 Nd7 25. Nd4 $16 {1-0 Mikhalevski,V-Greenfeld,A/Ashdod
ISR 2003/The Week in Chess 467 (40)}) 23. Rg1 Rc8 $1 (23... Qxh2 {is also
possible, with a strong attack for the missing material:} 24. Kd2 h6 25. Qd4
Re8 (25... Rc8 $5 {preventing 26.Kc3}) 26. Kc2 Be4+ 27. Kb3 b5 28. Bxb5 Bd5+
29. Ka3 Re4 30. Qxa7 (30. Qd2 $5) 30... Qxf2 31. b3 Rxe3 $13 {1-0 Dreev,
A-Rytshagov,M/Tallinn 2004/CBM 100 (70)}) {The text move, not allowing the
white king to escape, is even stronger.} 24. Qd6 (24. Qd4 b5 {doesn't change
anything.}) (24. Kd2 {is senseless now as after} Ne4+ {the white king can't go
to c2.}) 24... b5 $1 25. Qe5 h6 26. Qxb5 Qxh2 27. Ke2 Rb8 28. Rxg2 $8 Qh5+ 29.
f3 Rxb5 30. Bxb5 Qh3 {No doubt, this forced line was analysed by GM Van Wely
at home. White's pieces are poorly co-ordinated and he can hardly avoid
material losses.} 31. Rcg1 (31. Rf2 $142 g4 $1 32. Rg1 Kf8 33. Bc4 $1 gxf3+ 34.
Rxf3 Qh2+ 35. Kf1 Qxb2 36. Rf4 {improving the co-ordination of pieces and
maintaining some drawing chances.}) 31... Qe6 {[%cal Re6a2,Rf6d5]} 32. Kf2 {
White must give up two pawns as after} (32. Bd3 Qxa2 (32... Nd5 $143 33. Be4)
33. Rb1 Nd5 {[%cal Rd5b4,Rd5c3] he loses even more material.}) 32... Qxa2 33.
Be2 Qxb2 {and Black brought home his material advantage:} 34. Rd1 Qe5 35. Rd4
Nd5 36. Rd3 Kf8 37. Rg4 Nc3 38. Bf1 h5 39. Rc4 Nb5 40. Rb3 Nd6 41. Ra4 a5 42.
Rba3 Qh2+ 43. Ke1 Qg1 44. e4 h4 45. Rd3 h3 46. Rxd6 Qg3+ 0-1